Recherche et développement

Saved in:
Bibliografiske detaljer
Hovedforfatter: Saint-Paul, R (Author)
Format: Bog
Sprog:fransk
Udgivet: París Dunod 1965
Fag:
Tags: Tilføj Tag
Ingen Tags, Vær først til at tagge denne postø!

MARC

LEADER 00000nam a2200000 a 4500
001 UCQ0703
003 CL-VaPUC
008 980703e19650000FR |||||||||||||||||fre|d
082 0 4 |a 658.403  |b SAI  |2 21 
100 0 |a Saint-Paul, R  |e author  |9 414005 
245 1 0 |a Recherche et développement 
300 |a 198 p 
942 |c BK 
945 |d 19980703 00:00:00  |a cmena 
260 |a París  |b Dunod  |c 1965 
650 0 |a Investigación de operaciones  |9 356906 
650 0 |a Toma de decisiones   |9 257530 
650 0 |a Administración de empresas   |9 260833 
650 0 |a Desarrollo industrial  |9 322675 
583 |a last modification  |c 19980703 00:00:00  |k Rodrigo Vera 
999 |c 271740  |d 271738 
952 |0 0  |1 0  |4 0  |6 658_403000000000000_SAI_1965  |7 0  |8 A  |9 306488  |a BIBGIM  |b BIBGIM  |d 2019-11-20  |i 1430394  |o 658.403 SAI 1965  |p 1430394  |r 2025-01-15  |w 2019-11-20  |y BK  |k COM